Musicals A-Z (Slideshow) Quiz Stats

Quiz Updated Sep 30, 2015

Challenge
Share
Tweet
Score 0/26 Timer 04:00
0 Plays Today
% Correct
Grease
97%
(The) Lion King
95.3%
Chicago
92.7%
(The) Phantom of the Opera
91.1%
Oliver!
89.9%
Tarzan
89.8%
(The) King and I
87.3%
Fiddler on the Roof
85.8%
Evita
85.3%
(The) Sound of Music
83.9%
Hair
81.1%
Dreamgirls
80%
Wicked
79.1%
% Correct
Rent
75.9%
Avenue Q
65%
My Fair Lady
58%
Victor Victoria
56.8%
Joseph and the Amazing Technicolour Dreamcoat
54%
Xanadu
46.9%
Yentl
37.8%
Bye Bye Birdie
28.1%
In the Heights
26.4%
Urinetown
21.7%
Zorba
17.6%
Quilters
14.8%
Nine
9.5%

You're not logged in!

Compare scores with friends on all Sporcle quizzes.
Join for Free
OR
Log In

You Might Also Like...

Show Comments

Extras

Top Quizzes Today


Score Distribution

Your Account Isn't Verified!

In order to create a playlist on Sporcle, you need to verify the email address you used during registration. Go to your Sporcle Settings to finish the process.

Report this User

Report this user for behavior that violates our Community Guidelines.

Details: